Responses for Show #4279 - Thursday, March 20, 2003

Preempted on most affiliates by coverage of the start of the Iraq War.

Contestants

[<< previous game]

Jay Mahan, a preschool teacher from Manassas, Virginia

Sara Glidden, a college theater manager from West Roxbury, Massachusetts

David Frazee, an intellectual property attorney originally from Arkansas City, Kansas (whose 1-day cash winnings total $24,800)

[next game >>]

Jeopardy! Round responses

THE BOOK OF PROVERBS
MOVIES BY THE NUMBERS
YOU SAY POTATO
DELAWARE-FORE ART THOU
YOUR RESERVATION IS CONFIRMED
CONFIRMATION CODE IS RLKTD
    $200 17
your father & mother

Jay
    $200 1
Four Weddings and a Funeral

David
    $200 15
the skin

Jay
    $200 8
state quarters

David
    $200 21
(Sara: What is Salt Lake City?)
...
(Alex: [*], Arizona, correct.)

Phoenix

DavidSara
    $200 3
raw

Sara
    $400 18
Psalms

Jay
    $400 2
the Three Amigos!

Jay
    $400 20
potato of the month

Triple Stumper
    $400 9
counties

Jay
    $400 22
the Cascades

Sara
    $400 6
a luau

Jay
    $600 19
(Alex: [*], yes, from Solomon.)

wisdom

David
    $600 4
Five Easy Pieces

Sara
    $600 26
beef fat

Jay
    $600 11
the Constitution

David
    $600 23
the Sioux

Jay
    $600 10
kelp

David
    $800 29
(David: What is drunkenness?)
...
[The end-of-round signal sounds.]

adultery

DavidJay
    $800 5
Gone in 60 Seconds

Jay
    $800 27
(David: What is daw-daw?)
(Jay: What is "daa-daa"?)
(Sara: What is pa?)

papa

DavidSaraJay
Triple Stumper
    $1,000 12
Mason & Dixon

David
    $800 24
(Alex: Less than a minute.)

Crow

Triple Stumper
    $800 14
troth

Sara
    $1000 7
Seven Brides for Seven Brothers

Jay
    $1000 28
South America

Jay
    $1000 13
(1 of) Biden (or Thomas Carper)

Jay
    $1000 25
Powhatan

Sara
    $1000 16
duvet

Sara

Scores at the first commercial break (after clue 15):

David Sara Jay
$2,600 $1,600 $4,200

Scores at the end of the Jeopardy! Round:

David Sara Jay
$1,800 $3,000 $7,000

Double Jeopardy! Round responses

AROUND THE VATICAN
LOONEY TUNES
BIOLOGY
EDUCATION
ART & ARTISTS
HEY, THAT RHYMES!
    $400 11
blood cells

Jay
    $400 15
Michigan

Sara
    $400 1
(Sara: Who is van Gogh?)

Picasso

SaraJay
    $400 6
a better letter

Triple Stumper
    $800 12
evolution

David
    $800 16
(Carl) Sagan

David
    $800 2
van Gogh

Sara
    $800 7
the ink stink

Jay
    $1200 23
(Sara: What is the Vatican Museum?)
(Jay: Uh, what is the Vatican University? Vatican College?)

the library

DavidSaraJay
    $1200 13
(Jay: What are geckos?)

salamanders

Jay
Triple Stumper
    $1200 20
Montessori

David
    $1200 3
(Jay: Who is Monet?)

Renoir

SaraJay
    $1200 8
a wee three

Jay
    $1600 22
(Jay: What is cities and globes? Cities and earth?)

the city and the world

Jay
Triple Stumper
    $1600 14
germinate

Sara
    $2,200 17
(Booker T.) Washington

David
    $1600 4
(David: Who is Rembrandt?)
(Sara: Who is Titian?)

Rubens

DavidSara
Triple Stumper
    $1600 9
(David: What is your gramdmum's bum?)
[Laughter]
(Jay: What is granny's fanny?)
[Laughter]
...
(Alex: Both of you put apostrophes and "S"s in there.)

a granny fanny

DavidJay
Triple Stumper
    $2000 21
the Curia

Triple Stumper
    $2000 24
[The end-of-round signal sounds.]

"How Ya Gonna Keep 'Em Down On The Farm (After They've Seen Paree?)"

Triple Stumper
    $3,000 18
(David: What are biophytes?)

parasites

David
    $2000 19
(David: What is the Academy?)
(Jay: What is the Stagira?)

the Lyceum

DavidJay
Triple Stumper
    $2000 5
[Jay does not include "The".]

The Persistence of Memory

Jay
    $2000 10
(Sara: What is spew blue?)
[Ruled incorrect; changed to correct when Daily Double is found since Gorgonzola is a blue cheese]

a cheese sneeze

DavidSara

Scores at the end of the Double Jeopardy! Round:

David Sara Jay
$1,800 $5,800 $3,000

[wagering suggestions for these scores]

Final Jeopardy! Round responses

GOVERNMENT & POLITICS
(Alex: [To David] Strom Thurmond and Ernest Hollings, you are correct.)
DavidWhat is South Carolina
$1,800
JayWhat is North Carolina?
$3,000
SaraWhat is South Carolina
$350
South Carolina

Final scores:

David Sara Jay
$3,600 $6,150 $0
2nd place: $2,000 New champion: $6,150 3rd place: $1,000

Game dynamics:

Coryat scores:

David Sara Jay
$4,000 $5,800 $3,000
13 R
(including 2 DDs),
6 W
(including 1 DD)
11 R,
5 W
18 R,
7 W

Combined Coryat: $12,800

[game clues] [game scores] [suggest correction]

Game tape date: 2002-12-03
The J! Archive is created by fans, for fans. Scraping, republication, monetization, and malicious use prohibited; this site may use cookies and collect identifying information. See terms. The Jeopardy! game show and all elements thereof, including but not limited to copyright and trademark thereto, are the property of Jeopardy Productions, Inc. and are protected under law. This website is not affiliated with, sponsored by, or operated by Jeopardy Productions, Inc. Join the discussion at JBoard.tv.